Selling Sunset Characters - Statistics

General Stats
  • This quiz has been taken 139 times
  • The average score is 9 of 10
Answer Stats
Hint Answer % Correct
Sob story Chrishell
99%
Queen Christine
99%
Suck up Mary
98%
Sucked up to Jason
97%
Blonde Heather
94%
Better brother Brett
93%
Tries to be relevant Davina
93%
Best of the bunch Maya
88%
Can't sell houses Amanza
87%
"Me so hungry" Romain
50%
No matching quizzes found
Score Distribution
Percent of People with Each Score
Percentile by Number Answered
Your Score History
You have not taken this quiz